Our Cooperative program / (Record no. 7418)

MARC details
000 -LEADER
fixed length control field 00762cam a22002531a 4500
001 - CONTROL NUMBER
control field 8461252
003 - CONTROL NUMBER IDENTIFIER
control field GBCCL
005 - DATE AND TIME OF LATEST TRANSACTION
control field 20241126110627.0
008 - FIXED-LENGTH DATA ELEMENTS--GENERAL INFORMATION
fixed length control field 830506s1965 tnu 000 0 eng
010 ## -
-- 65018867
035 ## - SYSTEM CONTROL NUMBER
System control number (OCoLC)9486319
040 ## - CATALOGING SOURCE
Original cataloging agency DLC
Transcribing agency MoSpBB
Modifying agency DLC
042 ## -
-- premarc
050 00 -
-- BX6346.5
-- .G7
082 ## - DEWEY DECIMAL CLASSIFICATION NUMBER
Classification number 286.132
Item number GRI
100 1# - MAIN ENTRY--PERSONAL NAME
Personal name Grindstaff, Wilmer Ernest,
Dates associated with a name 1912-
9 (RLIN) 13093
245 10 - TITLE STATEMENT
Title Our Cooperative program /
Statement of responsibility, etc. W. E. Grindstaff.
260 ## - PUBLICATION, DISTRIBUTION, ETC.
Place of publication, distribution, etc. Nashville, Tenn. :
Name of publisher, distributor, etc. Convention Press,
Date of publication, distribution, etc. c1965.
300 ## - PHYSICAL DESCRIPTION
Extent x, 144 p. ;
Dimensions 19 cm.
610 20 - SUBJECT ADDED ENTRY--CORPORATE NAME
Corporate name or jurisdiction name as entry element Southern Baptist Convention.
Subordinate unit Cooperative Program.
9 (RLIN) 13094
650 #0 - SUBJECT ADDED ENTRY--TOPICAL TERM
Topical term or geographic name entry element Baptists
General subdivision Missions.
9 (RLIN) 2908
906 ## - LOCAL DATA ELEMENT F, LDF (RLIN)
a 7
b cbc
c oclcrpl
d u
e ncip
f 19
g y-gencatlg
942 ## - ADDED ENTRY ELEMENTS (KOHA)
Source of classification or shelving scheme Dewey Decimal Classification
Koha item type Books
Holdings
Withdrawn status Lost status Source of classification or shelving scheme Damaged status Not for loan Home library Current Library Shelving location Date acquired Total checkouts Full call number Barcode Date last seen Copy number Price effective from Koha item type
    Dewey Decimal Classification     GRACE BIBLE COLLEGE GRACE BIBLE COLLEGE Church History 2018-08-07   286.132 GRI 002511 2025-05-01 c.1 2018-08-07 Books
    Dewey Decimal Classification     GRACE BIBLE COLLEGE GRACE BIBLE COLLEGE Church History 2018-08-07   286.132 GRI 002512 2025-05-01 c.2 2018-08-07 Books
© Grace Bible College Library 2025